[Event "Sparkassen-Open A"]
[Site "Heusenstamm, Martinsee"]
[Date "2025.11.23"]
[Round "7.35"]
[White "Wachsmann, Elmar"]
[Black "Dolidze, David"]
[Result "1-0"]
[WhiteElo "2062"]
[BlackElo "1997"]
[PlyCount "82"]
[EventDate "2025.11.20"]
[WhiteTeam "SC Groß-Umstadt"]
[BlackTeam "SC Eschborn 1974"]

1. d4 Nf6 2. c4 g6 3. Nc3 Bg7 4. Nf3 O-O 5. Bg5 h6 6. Bh4 d6 7. e3 c5 8. d5 Bg4 9. h3 Bxf3 10. Qxf3 Nbd7 11. Qd1 a6 12. a4 a5 13. Be2 Ne8 14. f4 Nc7 15. O-O Na6 16. Bd3 Nb4 17. Bb1 Nb6 18. Qe2 Qd7 19. f5 gxf5 20. Rxf5 e6 21. Qg4 f6 22. Rxf6 Rxf6 23. Bxf6 Qf7 24. Bxg7 Qxg7 25. Qxe6+ Kh8 26. Be4 Nxc4 27. Rf1 Rf8 28. Rxf8+ Qxf8 29. Ne2 Nxe3 30. Ng3 Nbxd5 31. Bxd5 Nxd5 32. Qxd5 Qf4 33. Kh2 Qxa4 34. Qxd6 Qd4 35. Qxh6+ Kg8 36. Qe6+ Kh7 37. Qf7+ Kh8 38. Qxb7 c4 39. Qb8+ Kh7 40. Nf5 Qd3 41. Qe5 Qc3 1-0

[Event "Sparkassen-Open A"]
[Site "Heusenstamm, Martinsee"]
[Date "2025.11.23"]
[Round "7.36"]
[White "Finke, Kelsie Josefine"]
[Black "Tremöhlen, Thomas"]
[Result "1/2-1/2"]
[WhiteElo "2070"]
[BlackElo "1986"]
[PlyCount "59"]
[EventDate "2025.11.20"]
[WhiteTeam "SC Garching 1980 e.V."]
[BlackTeam "SPORTGEM Kaarst 1912/35"]

1. e4 c5 2. c3 e6 3. d4 d5 4. exd5 exd5 5. Bb5+ Nc6 6. Nf3 Nf6 7. O-O Bd6 8. Bg5 O-O 9. dxc5 Bxc5 10. Bxf6 Qxf6 11. Qxd5 Bb6 12. Qh5 h6 13. Nbd2 Be6 14. Rfe1 Rad8 15. Ne4 Qf4 16. Bxc6 bxc6 17. Qe5 Qxe5 18. Nxe5 f5 19. Ng3 Rd2 20. Re2 Rfd8 21. Nf3 Rxe2 22. Nxe2 Bxa2 23. Ned4 Bd5 24. Nxf5 Bxf3 25. gxf3 Rd2 26. Ne7+ Kh7 27. Nxc6 Bxf2+ 28. Kh1 Rxb2 29. Nxa7 Bc5 30. Nc6 1/2-1/2

[Event "Sparkassen-Open A"]
[Site "Heusenstamm, Martinsee"]
[Date "2025.11.23"]
[Round "7.37"]
[White "Ollenberger, Roland"]
[Black "Müller, Maximilian"]
[Result "1-0"]
[WhiteElo "2216"]
[BlackElo "1989"]
[PlyCount "119"]
[EventDate "2025.11.20"]
[WhiteTeam "SV Worms 1878"]
[BlackTeam "SVG Saarbrücken 1970 e.V."]

1. e4 e6 2. d4 d5 3. exd5 exd5 4. Bf4 c5 5. Nc3 Nf6 6. Bb5+ Nc6 7. Qe2+ Be7 8. dxc5 O-O 9. O-O-O Bxc5 10. Nf3 Qa5 11. Bxc6 bxc6 12. Nd4 Bxd4 13. Rxd4 c5 14. Ra4 Qb6 15. Qb5 Bd7 16. Qxb6 axb6 17. Rxa8 Rxa8 18. Bg5 Bc6 19. Bxf6 gxf6 20. a3 Re8 21. Kd2 f5 22. Ne2 Kg7 23. Nf4 Kf6 24. h4 d4 25. Rd1 Re4 26. g3 c4 27. Ra1 b5 28. c3 d3 29. Rb1 Ke7 30. b3 Kd6 31. bxc4 bxc4 32. Re1 Kc5 33. Nh5 Bd5 34. Rxe4 fxe4 35. Nf6 h6 36. h5 Be6 37. Nxe4+ Kd5 38. Ke3 f5 39. Nd2 Bf7 40. Kf4 Bxh5 41. Kxf5 Be8 42. Kf6 h5 43. Kg5 Kc5 44. a4 Bf7 45. Kf6 Bd5 46. Ke5 Bg8 47. Kf4 Kb6 48. Ke3 Bd5 49. f4 Ka5 50. f5 Kxa4 51. f6 Ka3 52. Nf3 Kb3 53. Kd2 Ka4 54. Ne5 Kb5 55. f7 Bxf7 56. Nxf7 Kc5 57. Ng5 Kd5 58. Ke3 Ke5 59. Nf3+ Kf5 60. Nd2 1-0

[Event "Sparkassen-Open A"]
[Site "Heusenstamm, Martinsee"]
[Date "2025.11.23"]
[Round "7.38"]
[White "Karpasyuk, Yevgen"]
[Black "Schwarz, David"]
[Result "1-0"]
[WhiteElo "1957"]
[BlackElo "2123"]
[PlyCount "67"]
[EventDate "2025.11.20"]
[WhiteTeam "SAbt TuS Makkabi Ffm"]
[BlackTeam "SF Birkenfeld"]

1. Nf3 d5 2. g3 Nc6 3. Bg2 e5 4. d3 f6 5. c3 Be6 6. b4 Qd7 7. Nbd2 Nge7 8. b5 Nd8 9. a4 a6 10. Rb1 axb5 11. axb5 Bh3 12. O-O Bxg2 13. Kxg2 Ne6 14. c4 d4 15. Nb3 h5 16. Kh1 Nf5 17. Bd2 Be7 18. Ra1 O-O 19. Qc2 Bc5 20. Nxc5 Nxc5 21. Bb4 b6 22. Qb2 Qe6 23. Bxc5 bxc5 24. Rxa8 Rxa8 25. Ra1 Qc8 26. Ra3 Qf8 27. Qa2 Rxa3 28. Qxa3 g6 29. Qa7 Qd6 30. Nd2 Qb6 31. Qa8+ Kf7 32. Qd5+ Ke7 33. Ne4 Ng7 34. Qg8 1-0

[Event "Sparkassen-Open A"]
[Site "Heusenstamm, Martinsee"]
[Date "2025.11.23"]
[Round "7.39"]
[White "Trumpp, Lothar"]
[Black "Seidel, Andre"]
[Result "1/2-1/2"]
[WhiteElo "1938"]
[BlackElo "2142"]
[PlyCount "23"]
[EventDate "2025.11.20"]
[WhiteTeam "VSG 1880 Offenbach"]
[BlackTeam "SV Oberursel"]

1. b3 d5 2. Bb2 Bf5 3. e3 e6 4. Nf3 Nf6 5. Be2 h6 6. d3 Bd6 7. Nbd2 O-O 8. Ne5 Nfd7 9. Nxd7 Nxd7 10. O-O Be5 11. Bxe5 Nxe5 12. f4 1/2-1/2

[Event "Sparkassen-Open A"]
[Site "Heusenstamm, Martinsee"]
[Date "2025.11.23"]
[Round "7.40"]
[White "Vedant Kumar Saravana"]
[Black "Goldinov, Daniel"]
[Result "1-0"]
[WhiteElo "2108"]
[BlackElo "1931"]
[PlyCount "93"]
[EventDate "2025.11.20"]
[WhiteTeam "Skakforeningen Obro"]
[BlackTeam "Stuttgarter SF 1879"]

1. e4 c5 2. Nf3 Nc6 3. Bb5 Nf6 4. Bxc6 dxc6 5. d3 g6 6. h3 Bg7 7. Nc3 Nd7 8. Be3 e5 9. Qd2 b6 10. O-O O-O 11. Bh6 Re8 12. Nh2 Nf8 13. Bxg7 Kxg7 14. f4 f6 15. f5 g5 16. Qe2 Qe7 17. Ng4 Nd7 18. h4 h5 19. hxg5 hxg4 20. Qxg4 Kf8 21. g6 Qg7 22. Kf2 Ke7 23. Rh1 Nf8 24. Ne2 Ba6 25. Ng3 Rad8 26. Nh5 Qh6 27. Rad1 Nd7 28. Qg3 Qg5 29. Qxg5 fxg5 30. Ng7 Nf6 31. Nxe8 Rxe8 32. Kf3 c4 33. d4 g4+ 34. Ke3 exd4+ 35. Rxd4 c5 36. Rdd1 Bb7 37. e5 Bxg2 38. Rh2 Bf3 39. Rdd2 Nd5+ 40. Kf2 c3 41. bxc3 Rg8 42. Rh7+ Ke8 43. c4 Nc3 44. Rdd7 Ne4+ 45. Ke3 Ng3 46. f6 Nf5+ 47. Kf4 1-0

[Event "Sparkassen-Open A"]
[Site "Heusenstamm, Martinsee"]
[Date "2025.11.23"]
[Round "7.41"]
[White "Hilzinger, Markus"]
[Black "Wambach, Jürgen"]
[Result "1-0"]
[WhiteElo "2102"]
[BlackElo "1976"]
[PlyCount "56"]
[EventDate "2025.11.20"]
[WhiteTeam "SC Pforzheim 1906"]
[BlackTeam "SK 1982 Klingenberg e.V."]

1. c4 c5 2. Nf3 Nc6 3. Nc3 g6 4. g3 Bg7 5. Bg2 e5 6. O-O Nge7 7. b3 O-O 8. Bb2 d6 9. d3 Rb8 10. Ne1 Be6 11. Nd5 b5 12. Nc2 Qd7 13. e3 a6 14. Qd2 Bh3 15. f4 Nxd5 16. cxd5 Ne7 17. fxe5 dxe5 18. e4 Bg4 19. Ne3 h5 20. Rac1 Rfc8 21. Qf2 f6 22. Nxg4 hxg4 23. Rxc5 Qd6 24. b4 Rb7 25. Rfc1 Rbc7 26. Qc2 Qb6 27. d4 exd4 28. Rxc7 d3+ 1-0

[Event "Sparkassen-Open A"]
[Site "Heusenstamm, Martinsee"]
[Date "2025.11.23"]
[Round "7.42"]
[White "Fock, Sana"]
[Black "Hoffmann, Jens"]
[Result "0-1"]
[WhiteElo "1887"]
[BlackElo "2094"]
[PlyCount "88"]
[EventDate "2025.11.20"]
[WhiteTeam "FC ST.Pauli 1910 eV SAbt"]
[BlackTeam "SF HN-Biberach 1978 e.V."]

1. e4 c5 2. Nc3 a6 3. g3 b5 4. Bg2 Bb7 5. Nge2 e6 6. O-O b4 7. Na4 Bc6 8. c4 Qa5 9. b3 Bxa4 10. bxa4 Nc6 11. f4 Nd4 12. Nxd4 cxd4 13. d3 Ne7 14. f5 Nc6 15. fxe6 fxe6 16. e5 Rc8 17. Bxc6 Rxc6 18. Qh5+ g6 19. Qf3 Qxe5 20. Qf7+ Kd8 21. Bf4 Qg7 22. Bg5+ Kc7 23. Qe8 Bd6 24. Rf7 Rxe8 25. Rxg7 Rc5 26. Bd2 Ra5 27. Rxh7 Rxa4 28. c5 Bxc5 29. Rc1 Kd6 30. Rc2 Ra3 31. Rg7 Rxd3 32. Rxg6 Rf3 33. Kg2 Rf5 34. g4 Rd5 35. Bf4+ Kc6 36. h4 d6 37. h5 d3 38. Rd2 e5 39. Bg3 e4 40. h6 e3 41. Rd1 d2 42. h7 Rh8 43. Kf3 Rxh7 44. Ke2 a5 0-1

[Event "Sparkassen-Open A"]
[Site "Heusenstamm, Martinsee"]
[Date "2025.11.23"]
[Round "7.43"]
[White "Spiegelberg, Silvia"]
[Black "Segna, Ulrich"]
[Result "1-0"]
[WhiteElo "1929"]
[BlackElo "2090"]
[PlyCount "67"]
[EventDate "2025.11.20"]
[WhiteTeam "SF Sasbach e.V."]
[BlackTeam "SV 1920 Hofheim"]

1. e4 e6 2. d4 d5 3. Nd2 Nf6 4. Bd3 c5 5. c3 cxd4 6. cxd4 dxe4 7. Nxe4 Be7 8. Nf3 O-O 9. O-O Nbd7 10. Re1 Nxe4 11. Bxe4 Nf6 12. Bc2 b6 13. Qd3 Bb7 14. Bg5 g6 15. Bh6 Re8 16. Ba4 Nd7 17. Rad1 a6 18. Qe3 b5 19. Bb3 Bf6 20. Ne5 Nb6 21. Nxf7 Nd5 22. Nxd8 Nxe3 23. Rxe3 Raxd8 24. Rxe6 Rxe6 25. Bxe6+ Kh8 26. Be3 Kg7 27. Kf1 Rd6 28. Bb3 a5 29. Rc1 Rd7 30. Rc5 Be7 31. Be6 Rd6 32. Rc7 Bxg2+ 33. Kxg2 Rxe6 34. d5 1-0

[Event "Sparkassen-Open A"]
[Site "Heusenstamm, Martinsee"]
[Date "2025.11.23"]
[Round "7.45"]
[White "Paeslack, Luis"]
[Black "Fang, Borui"]
[Result "1/2-1/2"]
[WhiteElo "2054"]
[BlackElo "1902"]
[PlyCount "50"]
[EventDate "2025.11.20"]
[WhiteTeam "SC Aschaffenburg e.V."]
[BlackTeam "SV Oberursel"]

1. d4 d5 2. Nf3 Nf6 3. c4 c6 4. Nc3 e6 5. Bg5 Nbd7 6. e3 Qa5 7. Nd2 dxc4 8. Bxf6 Nxf6 9. Nxc4 Qc7 10. Rc1 Be7 11. Be2 O-O 12. O-O Rd8 13. Qc2 Bd7 14. Ne5 Be8 15. Qb1 Rac8 16. b4 Qb8 17. a4 g6 18. h3 Kg7 19. Nd3 b6 20. Rc2 Rc7 21. Rfc1 Rdc8 22. Ne5 Nd5 23. Nxd5 cxd5 24. b5 f6 25. Nc6 Bxc6 1/2-1/2

[Event "Sparkassen-Open A"]
[Site "Heusenstamm, Martinsee"]
[Date "2025.11.23"]
[Round "7.46"]
[White "Waffenschmidt, Joachim"]
[Black "Griesfeller, Sven"]
[Result "1-0"]
[WhiteElo "2024"]
[BlackElo "1869"]
[PlyCount "89"]
[EventDate "2025.11.20"]
[WhiteTeam "SV 1920 Hofheim"]
[BlackTeam "Schachdrachen Büdingen-Wächtersb"]

1. d4 Nf6 2. c4 g6 3. Nc3 d5 4. cxd5 Nxd5 5. Bd2 Bg7 6. e4 Nxc3 7. Bxc3 O-O 8. Bc4 c5 9. d5 Bxc3+ 10. bxc3 Qa5 11. Ne2 b5 12. Bb3 Nd7 13. Qd2 c4 14. Bc2 Bb7 15. h4 h5 16. g4 Nf6 17. Ng3 Nxg4 18. Nxh5 Qb6 19. Ng3 Qf6 20. f4 b4 21. Ne2 bxc3 22. Nxc3 Rab8 23. h5 Qb6 24. Rb1 Qe3+ 25. Qxe3 Nxe3 26. Kd2 Nxc2 27. Kxc2 Kg7 28. Rbg1 Rg8 29. f5 g5 30. Kd2 Kf6 31. Ke3 e6 32. fxe6 fxe6 33. Kd4 exd5 34. exd5 g4 35. Ne4+ Ke7 36. h6 Bc8 37. Ke5 Rb2 38. d6+ Kd8 39. h7 Rb5+ 40. Kd4 Rh8 41. Kxc4 Rb7 42. Nf6 Rf7 43. Rh6 Bf5 44. Kc5 Bd7 45. Rg6 1-0

[Event "Sparkassen-Open A"]
[Site "Heusenstamm, Martinsee"]
[Date "2025.11.23"]
[Round "7.47"]
[White "Yasaswi Krishna Bommi"]
[Black "Wilhelm, Jochen"]
[Result "1/2-1/2"]
[WhiteElo "1843"]
[BlackElo "2031"]
[PlyCount "107"]
[EventDate "2025.11.20"]
[WhiteTeam "Indien"]
[BlackTeam "SC 1970 Lorsch"]
[WhiteTeamCountry "IND"]

1. Nf3 d5 2. g3 Nf6 3. Bg2 e6 4. d3 Be7 5. O-O O-O 6. Nbd2 c5 7. e4 Nc6 8. Re1 b5 9. e5 Nd7 10. h4 Qc7 11. Qe2 Bb7 12. Nf1 Rfc8 13. Bf4 Qd8 14. N1h2 h6 15. Ng4 a5 16. Bh3 Bf8 17. Ne3 d4 18. Ng2 c4 19. g4 Nc5 20. g5 h5 21. Nh2 g6 22. Bg3 Ne7 23. Nf4 cxd3 24. cxd3 Bg7 25. Rad1 Qd7 26. Bg2 Bxg2 27. Kxg2 Nf5 28. Nf3 Ra6 29. Rc1 Rac6 30. Qd2 Qc7 31. Ne2 Na4 32. Rxc6 Qxc6 33. Rc1 Qb7 34. Rxc8+ Qxc8 35. Nexd4 Nxd4 36. Nxd4 Qc5 37. Nf3 b4 38. d4 Qd5 39. b3 Nc3 40. Qc2 Bf8 41. Bf4 Kg7 42. Bd2 Nb5 43. Qc4 Qe4 44. Qxb5 Qg4+ 45. Kf1 Qxf3 46. Qc4 Qh1+ 47. Ke2 Qxh4 48. d5 Qxc4+ 49. bxc4 exd5 50. cxd5 Be7 51. f4 Bd8 52. Be1 Bb6 53. Kd3 Kf8 54. Ke4 1/2-1/2

[Event "Sparkassen-Open A"]
[Site "Heusenstamm, Martinsee"]
[Date "2025.11.23"]
[Round "7.48"]
[White "Berberich, Christoph"]
[Black "Artola Pola, Gerardo"]
[Result "1-0"]
[WhiteElo "1839"]
[BlackElo "1944"]
[PlyCount "107"]
[EventDate "2025.11.20"]
[WhiteTeam "SK Freiburg-Zähringen 1887 e.V."]
[BlackTeam "Sabt Frankfurter TV 1860"]

1. d4 Nf6 2. Nf3 g6 3. c4 Bg7 4. Nc3 d5 5. cxd5 Nxd5 6. e4 Nxc3 7. bxc3 c5 8. Rb1 O-O 9. Qd2 Bg4 10. Be2 Nc6 11. d5 Na5 12. c4 b6 13. Bb2 Bxb2 14. Rxb2 Bxf3 15. gxf3 Qd7 16. h4 e6 17. h5 exd5 18. hxg6 fxg6 19. Qxd5+ Qf7 20. Rd2 Nb7 21. O-O Rad8 22. Qxf7+ Rxf7 23. Rfd1 Rxd2 24. Rxd2 Kf8 25. Kg2 Ke7 26. Kg3 Nd8 27. f4 Ne6 28. Bg4 Nd4 29. Rd1 Rf8 30. Rh1 h5 31. Bd1 Rf7 32. f5 gxf5 33. Rxh5 Rg7+ 34. Kf4 Rg1 35. Bf3 Rf1 36. Rh2 Nxf3 37. Kxf3 fxe4+ 38. Kxe4 Rd1 39. Ke5 Rd2 40. Rh7+ Kf8 41. Rxa7 Rd4 42. Ra4 b5 43. Ra8+ Kf7 44. Ra7+ Ke8 45. cxb5 Rd2 46. a4 Kd8 47. Ra6 Kd7 48. Rc6 Ra2 49. f4 Rxa4 50. Rxc5 Rb4 51. f5 Rb1 52. Kf6 Kd6 53. Re5 Rh1 54. Re6+ 1-0

[Event "Sparkassen-Open A"]
[Site "Heusenstamm, Martinsee"]
[Date "2025.11.23"]
[Round "7.49"]
[White "Schreidl, Michael"]
[Black "Reinhard, Ralf-Peter"]
[Result "1-0"]
[WhiteElo "2027"]
[BlackElo "1830"]
[PlyCount "37"]
[EventDate "2025.11.20"]
[WhiteTeam "SK Frankenthal"]
[BlackTeam "SC Chessence 64 e. V."]

1. Nf3 Nf6 2. g3 b6 3. Bg2 Bb7 4. O-O e6 5. d4 Be7 6. c4 O-O 7. Nc3 d5 8. Ne5 c6 9. e4 Nxe4 10. Nxe4 dxe4 11. Bxe4 Qc7 12. Bf4 Bd6 13. Re1 Nd7 14. Nxd7 Qxd7 15. d5 exd5 16. cxd5 Bb4 17. dxc6 Bxc6 18. Qxd7 Bxd7 19. Red1 1-0

[Event "Sparkassen-Open A"]
[Site "Heusenstamm, Martinsee"]
[Date "2025.11.23"]
[Round "7.50"]
[White "Michalski, Uwe"]
[Black "Schröder, Jürgen"]
[Result "1-0"]
[WhiteElo "1800"]
[BlackElo "2013"]
[PlyCount "73"]
[EventDate "2025.11.20"]
[WhiteTeam "Sfr.Mainz 1928"]
[BlackTeam "SC Matt im Park Ffm"]

1. e4 g6 2. d4 Bg7 3. f4 d6 4. Nf3 c5 5. d5 Nf6 6. Nc3 O-O 7. Bc4 e6 8. dxe6 Bxe6 9. Bxe6 fxe6 10. O-O Nc6 11. f5 exf5 12. exf5 Ne7 13. fxg6 hxg6 14. Bf4 d5 15. Ng5 Qb6 16. Qd2 d4 17. Na4 Qc6 18. Rae1 Ned5 19. b3 Rae8 20. Nb2 Nh5 21. Rxe8 Rxe8 22. Nd3 b5 23. g4 Nhxf4 24. Nxf4 Bh6 25. Qg2 Bxg5 26. Nxd5 Qe6 27. Nc7 Qe3+ 28. Kh1 Rd8 29. Qc6 Kh7 30. Ne6 Kg8 31. Rf3 Qe1+ 32. Kg2 Qe2+ 33. Kh3 Be3 34. g5 Qxc2 35. Qc7 Kh8 36. Qa5 Kh7 37. Rf7+ 1-0

[Event "Sparkassen-Open A"]
[Site "Heusenstamm, Martinsee"]
[Date "2025.11.23"]
[Round "7.51"]
[White "Mukazhanov, Mansur"]
[Black "Morgenroth, Fabian"]
[Result "0-1"]
[WhiteElo "2007"]
[BlackElo "1816"]
[PlyCount "46"]
[EventDate "2025.11.20"]
[WhiteTeam "SG Trier 1877 e.V."]
[BlackTeam "SC Turm Breuberg"]

1. e4 c5 2. Nf3 e6 3. d4 cxd4 4. Nxd4 Nc6 5. Nc3 Qc7 6. Be3 a6 7. Be2 Nf6 8. O-O Be7 9. f4 d6 10. a3 O-O 11. Qe1 Nxd4 12. Bxd4 b5 13. Qg3 Bb7 14. e5 Ne8 15. Rad1 Rd8 16. f5 exf5 17. Rxf5 dxe5 18. Bxe5 Rxd1+ 19. Nxd1 Bd6 20. Bd3 Bxe5 21. Rxe5 Nf6 22. Ne3 g6 23. Kh1 Nh5 0-1

[Event "Sparkassen-Open A"]
[Site "Heusenstamm, Martinsee"]
[Date "2025.11.23"]
[Round "7.52"]
[White "Rose, Daniel"]
[Black "Bernhart, Joseph"]
[Result "1-0"]
[WhiteElo "2128"]
[BlackElo "1932"]
[PlyCount "93"]
[EventDate "2025.11.20"]
[WhiteTeam "SV Königsjäger Süd-West e.V."]
[BlackTeam "SK Kaiserslautern 1905"]

1. d4 d6 2. c4 e5 3. d5 Nd7 4. Nc3 g6 5. h4 h6 6. h5 g5 7. e4 a5 8. Nge2 Nc5 9. Ng3 Bg7 10. Be3 b6 11. Be2 Ne7 12. Bxc5 bxc5 13. Bg4 Bd7 14. Bf5 Rb8 15. Rb1 Rb4 16. b3 Qc8 17. Qg4 Nxf5 18. Nxf5 Bxf5 19. Qxf5 Qxf5 20. exf5 Rb7 21. Ne4 f6 22. Kd2 Kf7 23. a3 Rhb8 24. Kc3 Ke7 25. Rb2 Kd7 26. Rhb1 c6 27. dxc6+ Kxc6 28. Rd1 Rd7 29. Rbd2 Rbd8 30. Rd5 Kc7 31. b4 axb4+ 32. axb4 cxb4+ 33. Kxb4 Kc6 34. Ra1 Kb6 35. Rb5+ Kc6 36. Ra6+ Kc7 37. Nc3 Rc8 38. Nd5+ Kd8 39. Nb6 Bf8 40. Nxd7 Kxd7 41. Rb7+ Ke8 42. Kb5 d5 43. cxd5 Rc5+ 44. Kb6 Rxd5 45. Ra8+ Rd8 46. Rxd8+ Kxd8 47. Kc6 1-0

[Event "Sparkassen-Open A"]
[Site "Heusenstamm, Martinsee"]
[Date "2025.11.23"]
[Round "7.53"]
[White "Musiienko, Platon"]
[Black "Kürschner, Liam"]
[Result "1-0"]
[WhiteElo "2107"]
[BlackElo "1921"]
[PlyCount "119"]
[EventDate "2025.11.20"]
[WhiteTeam "Wiesbadener SV 1885"]
[BlackTeam "SK Langen"]

1. e4 c5 2. c3 Nf6 3. e5 Nd5 4. Nf3 d6 5. Bc4 Nb6 6. Bb3 c4 7. Bc2 dxe5 8. Nxe5 Qd5 9. Qe2 f6 10. Nf3 Qe6 11. b3 Qxe2+ 12. Kxe2 e5 13. bxc4 Nxc4 14. d4 exd4 15. Re1 Nc6 16. cxd4 Bb4 17. Nbd2 Bxd2 18. Nxd2 Nxd2 19. Kxd2+ Kf7 20. Bb3+ Kg6 21. Bb2 Rd8 22. Re4 Bf5 23. Rf4 Nb4 24. g4 Bc8 25. Re4 Bd7 26. Re7 Bc6 27. h4 Rd7 28. Rae1 Rxe7 29. Rxe7 h5 30. Bf7+ Kh6 31. gxh5 Bf3 32. Bc1 Rc8 33. Bb3 Kxh5 34. Rxg7 Kxh4 35. Ba3 Nc6 36. Ke3 Bh5 37. Rg1 Na5 38. Kf4 Rc3 39. Rh1+ Rh3 40. Rxh3+ Kxh3 41. Be6+ Kg2 42. d5 Kf1 43. d6 Be8 44. Bc5 Ke2 45. d7 Bxd7 46. Bxd7 b6 47. Bb5+ Kd2 48. Bb4+ Kc2 49. Bxa5 bxa5 50. a4 Kb3 51. Kf5 a6 52. Be8 Kc4 53. Kxf6 Kc5 54. Ke5 Kb6 55. Kd6 Kb7 56. Kc5 Kc7 57. Bc6 Kb8 58. Kb6 Kc8 59. Kxa6 Kb8 60. Kxa5 1-0

[Event "Sparkassen-Open A"]
[Site "Heusenstamm, Martinsee"]
[Date "2025.11.23"]
[Round "7.54"]
[White "Kalepky, Helmut"]
[Black "Schlößner, Henrik"]
[Result "1/2-1/2"]
[WhiteElo "1927"]
[BlackElo "2040"]
[PlyCount "24"]
[EventDate "2025.11.20"]
[WhiteTeam "Sfr.Heidesheim"]
[BlackTeam "SK Gründau"]

1. e4 c6 2. Nc3 d5 3. Nf3 dxe4 4. Nxe4 Bg4 5. h3 Bxf3 6. Qxf3 Nf6 7. Bc4 e6 8. d3 Nbd7 9. Nxf6+ Qxf6 10. Qxf6 Nxf6 11. Bg5 Be7 12. Bxf6 Bxf6 1/2-1/2

[Event "Sparkassen-Open A"]
[Site "Heusenstamm, Martinsee"]
[Date "2025.11.23"]
[Round "7.55"]
[White "Calvi, Stefan"]
[Black "Feick, Claas Marten"]
[Result "1-0"]
[WhiteElo "2008"]
[BlackElo "1904"]
[PlyCount "79"]
[EventDate "2025.11.20"]
[WhiteTeam "SV Oberursel"]
[BlackTeam "SF Neuberg"]

1. e4 c6 2. Nf3 d5 3. exd5 cxd5 4. Ne5 Nc6 5. d4 e6 6. c3 Bd6 7. Bb5 Nge7 8. f4 f6 9. Nxc6 bxc6 10. Bd3 a5 11. O-O Ba6 12. Bxa6 Rxa6 13. Qe2 Qc8 14. Nd2 Ra7 15. Nf3 Nf5 16. Bd2 Re7 17. a4 Qb8 18. b4 Bxf4 19. bxa5 Bxd2 20. Nxd2 Qa7 21. Nb3 Kf7 22. a6 Nd6 23. Nc5 e5 24. Qh5+ g6 25. Qh4 Nf5 26. Qf2 exd4 27. cxd4 Rhe8 28. Rab1 Qc7 29. g4 Nd6 30. Qxf6+ Kg8 31. Qf4 Rf7 32. Qg3 Ree7 33. Rxf7 Rxf7 34. a7 Rf8 35. Ne6 Qxa7 36. Qxd6 Ra8 37. Rf1 h6 38. Rf8+ Rxf8 39. Qxf8+ Kh7 40. Qg7+ 1-0

[Event "Sparkassen-Open A"]
[Site "Heusenstamm, Martinsee"]
[Date "2025.11.23"]
[Round "7.56"]
[White "Heppert, Lars"]
[Black "Arne, Jonas"]
[Result "1/2-1/2"]
[WhiteElo "2001"]
[BlackElo "1896"]
[PlyCount "81"]
[EventDate "2025.11.20"]
[WhiteTeam "SK Neuburg"]
[BlackTeam "SK Kaiserslautern 1905"]

1. c4 c5 2. Nf3 Nc6 3. e3 Nf6 4. Nc3 e6 5. d4 d5 6. cxd5 exd5 7. Bb5 Be7 8. O-O O-O 9. dxc5 Bg4 10. Be2 Bxc5 11. b3 Qd7 12. Bb2 Rfd8 13. Rc1 Be7 14. Nd4 Bxe2 15. Ncxe2 Rac8 16. Ng3 Nxd4 17. Qxd4 b6 18. Qd3 Rxc1 19. Rxc1 Ne4 20. Nxe4 dxe4 21. Qxd7 Rxd7 22. Kf1 f5 23. Rc8+ Kf7 24. Ke2 Bf6 25. Bd4 Bxd4 26. exd4 f4 27. d5 Ke7 28. Rc4 f3+ 29. gxf3 exf3+ 30. Kxf3 Rxd5 31. Rc7+ Rd7 32. Rxd7+ Kxd7 33. Ke4 Ke6 34. a4 g5 35. b4 a6 36. Kd4 Kd6 37. Kc4 Ke5 38. a5 bxa5 39. bxa5 Kd6 40. Kd4 Kc6 41. Kc4 1/2-1/2

[Event "Sparkassen-Open A"]
[Site "Heusenstamm, Martinsee"]
[Date "2025.11.23"]
[Round "7.57"]
[White "Klein, Deniz"]
[Black "von Auer, Ulrich"]
[Result "1/2-1/2"]
[WhiteElo "1913"]
[BlackElo "1997"]
[PlyCount "36"]
[EventDate "2025.11.20"]
[WhiteTeam "SK Kaiserslautern 1905"]
[BlackTeam "SV Oberursel"]

1. e4 e6 2. d4 d5 3. Nc3 Nf6 4. e5 Nfd7 5. f4 c5 6. Nf3 Nc6 7. Be3 Be7 8. Ne2 b5 9. h4 b4 10. h5 h6 11. Qd2 a5 12. g4 Ba6 13. Ng3 Qb6 14. Bxa6 Rxa6 15. Ne2 cxd4 16. Nexd4 Nxd4 17. Nxd4 Bc5 18. Qd3 Ra8 1/2-1/2

[Event "Sparkassen-Open A"]
[Site "Heusenstamm, Martinsee"]
[Date "2025.11.23"]
[Round "7.58"]
[White "Peter, Laurenz"]
[Black "Werner, Florin"]
[Result "0-1"]
[WhiteElo "1896"]
[BlackElo "1912"]
[PlyCount "124"]
[EventDate "2025.11.20"]
[WhiteTeam "SPORTGEM Kaarst 1912/35"]
[BlackTeam "VSG 1880 Offenbach"]

1. d4 d5 2. Nf3 Nf6 3. c4 c6 4. g3 Bf5 5. Bg2 h6 6. O-O e6 7. Nc3 Be7 8. Nd2 O-O 9. b3 a5 10. Bb2 Nbd7 11. Kh1 Re8 12. f3 Bg6 13. e4 dxe4 14. fxe4 Nb6 15. c5 Nbd7 16. Nc4 Qc7 17. Nd6 Reb8 18. e5 Nd5 19. Nxd5 cxd5 20. h4 Bxd6 21. cxd6 Qd8 22. Rc1 Rc8 23. Qe2 Qb6 24. Qf3 f6 25. Qg4 Bf5 26. Rxc8+ Rxc8 27. Rxf5 exf5 28. Bxd5+ Kh8 29. Qxf5 Rd8 30. Be4 Nf8 31. Bd3 a4 32. exf6 g6 33. Qf4 Kh7 34. h5 Qxd6 35. hxg6+ Nxg6 36. Qg4 Qxf6 37. bxa4 Rd5 38. Kg2 h5 39. Qe4 Rd7 40. Bc3 Re7 41. Qd5 h4 42. Qh5+ Kg7 43. Bd2 Nf8 44. Qg4+ Kh8 45. Qh5+ Kg7 46. Qg4+ Kh8 47. Bf4 hxg3 48. Qh5+ Kg7 49. Qg4+ Ng6 50. Bxg6 Qxg6 51. Be5+ Kf7 52. Qf4+ Ke6 53. d5+ Kxd5 54. Qd4+ Kc6 55. Qc4+ Kd7 56. Qc7+ Ke8 57. Qc8+ Kf7 58. Qc4+ Qe6 59. Qf1+ Kg8 60. Bxg3 Rg7 61. Qf2 Qe4+ 62. Kh2 Rh7+ 0-1

[Event "Sparkassen-Open A"]
[Site "Heusenstamm, Martinsee"]
[Date "2025.11.23"]
[Round "7.59"]
[White "Bäumer, Frank"]
[Black "Gärtner, David"]
[Result "1/2-1/2"]
[WhiteElo "1974"]
[BlackElo "1838"]
[PlyCount "42"]
[EventDate "2025.11.20"]
[WhiteTeam "SV 1932 Caissa Homburg"]
[BlackTeam "Sfr.Mainz 1928"]

1. Nf3 Nf6 2. c4 e6 3. Nc3 d5 4. e3 Be7 5. b3 O-O 6. Bb2 b6 7. cxd5 exd5 8. Rc1 Bb7 9. Nb5 c6 10. Nbd4 Re8 11. Ne5 c5 12. Nf5 Bf8 13. Ng4 d4 14. Bb5 Re6 15. Nxf6+ Rxf6 16. Bd3 g6 17. Ng3 Re6 18. O-O dxe3 19. dxe3 Rd6 20. Ne4 Bxe4 21. Bxe4 Nc6 1/2-1/2

[Event "Sparkassen-Open A"]
[Site "Heusenstamm, Martinsee"]
[Date "2025.11.23"]
[Round "7.60"]
[White "Eichstädt, Enrico"]
[Black "Rohatgi, Kushagra"]
[Result "0-1"]
[WhiteElo "1970"]
[BlackElo "1869"]
[PlyCount "68"]
[EventDate "2025.11.20"]
[WhiteTeam "SK Norderstedt von 1975"]
[BlackTeam "SAbt TuS Makkabi Ffm"]

1. e4 c6 2. d4 d5 3. exd5 cxd5 4. c4 e6 5. Nf3 Nf6 6. Nc3 Be7 7. cxd5 Nxd5 8. Bd3 Nc6 9. O-O O-O 10. Re1 b6 11. Be4 Bb7 12. Nxd5 exd5 13. Bc2 Nb4 14. Bb1 Re8 15. a3 Nc6 16. Qd3 g6 17. Ba2 Qd7 18. Bf4 Bf6 19. Ne5 Qe6 20. Nf3 Qd7 21. Rac1 Rac8 22. b4 a6 23. Be3 Ne7 24. Bf4 Nc6 25. b5 axb5 26. Qxb5 Qg4 27. Rxe8+ Rxe8 28. Be3 Rc8 29. Qxd5 Nd8 30. Qb5 Rxc1+ 31. Bxc1 Bxf3 32. Qe8+ Kg7 33. Bh6+ Kxh6 34. Qe3+ Kg7 0-1

[Event "Sparkassen-Open A"]
[Site "Heusenstamm, Martinsee"]
[Date "2025.11.23"]
[Round "7.61"]
[White "Trenz, Finn"]
[Black "Rose, Torsten"]
[Result "1-0"]
[WhiteElo "1952"]
[BlackElo "1818"]
[PlyCount "67"]
[EventDate "2025.11.20"]
[WhiteTeam "SV Multatuli Ingelheim e.V."]
[BlackTeam "SV Königsjäger Süd-West e.V."]

1. e4 e6 2. b3 d5 3. Bb2 Nf6 4. e5 Nfd7 5. Qg4 c5 6. f4 Nc6 7. Nf3 Nb6 8. Be2 Bd7 9. O-O g6 10. Nc3 Ne7 11. Qh3 h5 12. Bd3 Bg7 13. Ng5 a6 14. Qg3 Bh6 15. Ba3 Qc7 16. Qf2 Rc8 17. Nge4 dxe4 18. Nxe4 Nf5 19. Bxc5 Nd5 20. c4 b6 21. Bd6 Qb7 22. cxd5 exd5 23. Nf6+ Kd8 24. Bxf5 Bxf5 25. Qh4 Bf8 26. Nxd5+ Ke8 27. Nf6+ Kd8 28. Rac1 Be7 29. Rxc8+ Qxc8 30. d4 Qe6 31. Bxe7+ Qxe7 32. Rc1 Rg8 33. d5 g5 34. Nxg8 1-0